भारतीय बौद्धिक परंपरा : (Record no. 53056)

MARC details
000 -LEADER
fixed length control field 00698nam a2200181Ia 4500
005 - DATE AND TIME OF LATEST TRANSACTION
control field 20260429112233.0
008 - FIXED-LENGTH DATA ELEMENTS--GENERAL INFORMATION
fixed length control field 260429s9999||||xx |||||||||||||| ||und||
020 ## - INTERNATIONAL STANDARD BOOK NUMBER
International Standard Book Number 9788193897409
041 ## - LANGUAGE CODE
Language Hindi
082 ## - DEWEY DECIMAL CLASSIFICATION NUMBER
Classification number 294.5
Item number DIM
100 ## - MAIN ENTRY--PERSONAL NAME
Personal name डिमरी, जगदीश प्रसाद
245 #0 - TITLE STATEMENT
Title भारतीय बौद्धिक परंपरा :
Remainder of title परिचयातम्क प्रस्तुति /
Statement of responsibility, etc जगदीश प्रसाद डिमरी
250 ## - EDITION STATEMENT
Edition statement 1st ed.
260 ## - PUBLICATION, DISTRIBUTION, ETC. (IMPRINT)
Place of publication, distribution, etc नई दिल्ली :
Name of publisher, distributor, etc प्रकाशन संस्थान,
Date of publication, distribution, etc 2021.
300 ## - PHYSICAL DESCRIPTION
Extent 162 p.; Hb
650 ## - SUBJECT ADDED ENTRY--TOPICAL TERM
Topical term or geographic name as entry element वैदिक परंपरा
942 ## - ADDED ENTRY ELEMENTS (KOHA)
Koha item type Text Books
Holdings
Withdrawn status Lost status Damaged status Not for loan Collection code Home library Location Shelving location Date of Cataloging Source of acquisition Total Checkouts Full call number Barcode Date last seen Price effective from Koha item type
        Non-fiction CUTN Central Library CUTN Central Library Religion 29/04/2026 Segment Book Distributors, New Delhi - Invoice No. 71458 on 09-02-2026   294.5 DIM 58229 29/04/2026 29/04/2026 Text Books